Culture Générale - Série 1841 - Statistiques

Statistiques générales
  • Ce quiz a été pris 157 fois
  • Le résultat moyen est 4 sur 10
Statistiques - réponses
Question Réponse % Correct
A l'initiative de quel Président de la République française le Centre Beaubourg a-t-il été créé ? Georges Pompidou
90%
Quel était le prénom du compositeur français Saint-Saëns (1835-1921) ? Camille
70%
Quelle est la capitale du Ghana ? Accra
58%
Quel chanteur français a interprété la chanson "Potemkine" en 1965 ? Jean Ferrat
50%
Quel reptile est appelé "serpent de verre" ? orvet
48%
En quelle année a éclaté la mutinerie des marins du cuirassé russe "Potemkine" ? 1905
35%
Sous quel pseudonyme connaissait-on mieux le dramaturge et romancier français Georges Moinaux ou Moineau (1858-1929) ? Georges Courteline
13%
En 2002, quel nom portait l'opération militaire française, chargée du maintien de l'ordre en Côte d'Ivoire ? licorne
4%
Quelle alpiniste chevronnée et pionnière de l'aviation française, prénommée Marie (1875-1963), était surnommée " la fiancée du danger" ? Marvingt
2%
Dans la Rome antique, comment appelait-on le gladiateur qui affrontait les animaux féroces dans les amphithéâtres ? belluaire
1%
Aucun quiz correspondant
Distribution des résultats
% des personnes avec chaque résultat
Percentile par nombre de réponses
Votre historique - résultats
Vous n’avez pas pris ce quiz